| 000 | 00581nam a2200217Ia 4500 | ||
|---|---|---|---|
| 008 | 160525s9999||||xx |||||||||||||| ||und|| | ||
| 040 | _cHindi | ||
| 082 | _aIX/Omanananda | ||
| 082 | _bBORI-94893 | ||
| 245 | _aPatanjal Yog aur Shri Arvind ki yog-paddhati | ||
| 300 | _a884 | ||
| 300 | _cA | ||
| 300 | _ePaperback | ||
| 530 | _u00094893.pdf | ||
| 563 | _aStudy | ||
| 630 | _aPatanjal Yog aur Shri Arvind ki yog-paddhati | ||
| 650 | _a"Nyaya,Yoga,Tantra,Vedanta" | ||
| 650 | _aDarshanas | ||
| 730 | _aPatanjal Yog aur Shri Arvind ki yog-paddhati | ||
| 942 | _cBOOK | ||
| 999 |
_c1385305 _d1385302 |
||